| 000 | 01053nam a2200289 a 4500 | ||
|---|---|---|---|
| 005 | 20251024063923.0 | ||
| 008 | 991125s1979 mx 000 0 spa u | ||
| 020 | _a9682913837 | ||
| 035 | _aUPN01000001290 | ||
| 049 | _aI | ||
| 050 | 4 |
_aQL122.2 _bR4.5 |
|
| 100 | 1 |
_aReyes Palma, Francisco _941594 |
|
| 245 | 1 | 3 |
_aEl mar / _cFrancisco Reyes Palma ; il. Arnaldo Coen. |
| 260 |
_aMéxico : _bSalvat : _bSEP, Consejo Nacional de Fomento Educativo, _c1979. |
||
| 300 |
_a80 p. : _bil. col. |
||
| 440 | 0 |
_aColibrí. _pCiencias naturales |
|
| 440 | 0 | _aLibros del rincón | |
| 501 | _aCon: El agua y tú / María Antonia Candela ... [et al.] ; il. Felipe Dávalos -- Ballenas / Guillermo Samperio ; il. Armando López | ||
| 650 | 4 |
_aOCEANO - _vLITERATURA INFANTIL _911223 |
|
| 650 | 4 |
_aAGUA - _vLITERATURA INFANTIL _922057 |
|
| 650 | 4 |
_aBALLENAS - _vLITERATURA INFANTIL _925481 |
|
| 700 | 1 |
_aCandela, Antonia _ecoaut. _932625 |
|
| 700 | 1 |
_aSamperio, Guillermo, _d1948- _ecoaut. _930941 |
|
| 740 | 3 | _aEl agua y tú | |
| 740 | 0 | _aBallenas | |
| 905 | _aInfantil | ||
| 999 |
_c1290 _d1290 |
||